000 00478nam a2200181Ia 4500
003 GCL
008 140319s9999 xx 000 0 aRus d
040 _aGCL /
_cGCL
082 0 4 _a460.43
_bG G
100 1 _aGERMAN CUETURAL
245 1 0 _aTHE GRAHIC ART OF GERMAN EXPRSSIONISM /
_cGERMAN CUETURAL
260 _a[S.N] :
_bGERMAN CULTURAL INSTITUTE ،
_c1966
300 _a50 P
650 0 4 _aARTS
650 0 4 _aGERMAN GRAHIC ART
650 0 4 _aGRAPHIC ARTS
942 _2ddc
_cBK
999 _c15351
_d15351